Every Premier League Club's top appearances - Statistics

General Stats
  • This quiz has been taken 13 times
  • The average score is 8 of 47
Answer Stats
club apps pos player % Correct
Man United 632 MF Ryan Giggs
100%
Chelsea 492 DF John Terry
90%
Leicester 342 FW Jamie Vardy
70%
Man City 309 MF David Silva
60%
Tottenham 361 GK Hugo Lloris
60%
Everton 372 DF Seamus Coleman
50%
Liverpool 508 DF Jamie Carragher
40%
Brighton 288 DF Lewis Dunk
40%
Newcastle 354 GK Shay Given
40%
Aston Villa 365 MF Gareth Barry
30%
Middlesbrough 332 GK Mark Schwarzer
30%
Blackburn 261 GK Brad Friedel
20%
Sheffield Wed 264 DF Des Walker
20%
Leeds United 325 DF Gary Kelly
20%
Bolton 379 GK Jussi Jääskeläinen
20%
West Ham 414 MF Mark Noble
20%
Stoke 317 DF Ryan Shawcross
20%
Bournemouth 245 DF Adam Smith
10%
Burnley 217 DF Ben Mee
10%
Fulham 217 DF Brede Hangeland
10%
West Bromwich 269 DF Chris Brunt
10%
Southampton 343 MF James WardProwse
10%
Crystal Palace 306 DF Joel Ward
10%
Reading 90 DF Nicky Shorey
10%
Arsenal 333 MF Ray Parlour
10%
Wolverhampton 177 MF Ruben Neves
10%
Norwich 125 DF Russell Martin
10%
Watford 165 FW Troy Deeney
10%
Hull City 109 DF Ahmed Elmohamady
0%
QPR 142 DF Andy Impey
0%
Cardiff City 51 MF Aron Gunnarsson
0%
Huddersfield 74 DF Christopher Schindler
0%
Birmingham 150 MF Damien Johnson
0%
Derby County 170 MF Darryl Powell
0%
Ipswich Town 112 DF David Linighan
0%
Wigan 194 DF Emmerson Boyce
0%
Sunderland 189 DF John Oshea
0%
Charlton 187 DF Luke Young
0%
Portsmouth 144 DF Matthew Taylor
0%
Oldham 81 MF Mike Milligan
0%
Sheffield United 97 MF Oliver Norwood
0%
Coventry 191 DF Paul Teller
0%
Wimbledon 244 MF Robbie Earle
0%
Nottingham 174 DF Steve Chettle
0%
Bradford 71 MF Stuart Mccall
0%
Brentford 154 MF Vitaly Janelt
0%
Swansea 198 FW Wayne Routledge
0%
No matching quizzes found
Score Distribution
Percent of People with Each Score
Percentile by Number Answered
Your Score History
You have not taken this quiz